书目信息 |
| 题名: |
舞蹈批评方法论
|
|
| 作者: | 陈建男 , 吴海清 著 | |
| 分册: | ||
| 出版信息: | 天津 南开大学出版社 2011.04 |
|
| 页数: | 300页 | |
| 开本: | 21cm | |
| 丛书名: | ||
| 单 册: | ||
| 中图分类: | J705 | |
| 科图分类: | ||
| 主题词: | 舞蹈评论--wu dao ping lun--方法论 | |
| 电子资源: | ||
| ISBN: | 978-7-310-03677-6 | |
| 000 | 00861nam0 2200265 450 | |
| 001 | B20110040018 | |
| 005 | 20110715144103.67 | |
| 010 | @a978-7-310-03677-6@dCNY24.00 | |
| 100 | @a20110520d2011 km y0chiy50 ea | |
| 101 | 0 | @achi |
| 102 | @aCN@b120000 | |
| 105 | @aa z 000yy | |
| 106 | @ar | |
| 200 | 1 | @a舞蹈批评方法论@Awu dao pi ping fang fa lun@f陈建男, 吴海清著 |
| 210 | @a天津@c南开大学出版社@d2011.04 | |
| 215 | @a300页@c图@d21cm | |
| 330 | @a本书以舞蹈批评方法研究为中心,一方面系统考察了目前艺术研究中已经存在的批评方法的历史与现状,另一方面把当代艺术批评中的经典方法经由文本分析,引入舞蹈批评领域。 | |
| 333 | @a一般读者 | |
| 586 | @a | |
| 606 | 0 | @a舞蹈评论@Awu dao ping lun@x方法论 |
| 690 | @aJ705@v5 | |
| 701 | 0 | @a陈建男@Achen jian nan@4著 |
| 701 | 0 | @a吴海清@Awu hai qing@4著 |
| 801 | 0 | @aCN@c20110610 |
| 905 | @dJ705@eC465@f3 | |
| 舞蹈批评方法论/陈建男, 吴海清著.-天津:南开大学出版社,2011.04 |
| 300页:图;21cm |
| 使用对象:一般读者 |
| ISBN 978-7-310-03677-6:CNY24.00 |
| 本书以舞蹈批评方法研究为中心,一方面系统考察了目前艺术研究中已经存在的批评方法的历史与现状,另一方面把当代艺术批评中的经典方法经由文本分析,引入舞蹈批评领域。 |
| ● |
| 相关链接 |
|
|
|
正题名:舞蹈批评方法论
索取号:J705/C465
 
预约/预借
| 序号 | 登录号 | 条形码 | 馆藏地/架位号 | 状态 | 备注 |
| 1 | 884357 | 208843572 | 社科库309/309社科库 95排1列2层/ [索取号:J705/C465] | 在馆 | |
| 2 | 884358 | 208843581 | 社科库309/309社科库 95排1列2层/ [索取号:J705/C465] | 在馆 | |
| 3 | 884359 | 208843590 | 社科库309/309社科库 95排1列2层/ [索取号:J705/C465] | 在馆 |